[Event "81st Tata Steel Challengers 2019"]
[Site "Wijk aan Zee"]
[Date "2019.01.22"]
[Round "9"]
[White "Gledura, Benjamin"]
[Black "Paehtz, Elisabeth"]
[Result "1-0"]
[WhiteElo "2615"]
[BlackElo "2477"]
[Annotator "TA"]
[PlyCount "59"]
[EventDate "2019.01.12"]
[EventType "tourn"]
[EventCountry "NED"]
[SourceTitle "playchess.com"]
[Source "ChessBase"]
[SourceQuality "1"]

{[%evp 16,59,13,3,13,-12,-14,-27,-25,-20,22,0,14,9,22,10,10,0,34,39,37,17,11,20,0,0,35,26,93,87,393,437,409,402,406,384,386,364,654,651,650,633,754,715,672,368]} 1. Nf3 Nf6 2. c4 c6 3. Nc3 d5 4. e3 a6 5. d4 Bf5 6. Nh4 {D15: Slav Defence: 4 Nc3 a6 and gambit lines after 4 Nc3 dxc4} Bg4 7. Qc2 e6 8. h3 Bh5 9. g4 {LiveBook: 3 Games} Nfd7 10. gxh5 $146 {And now Nf3 would win.} ({Predecessor:} 10. Ng2 Bg6 11. Qb3 b5 12. c5 a5 13. Nf4 b4 14. Nxg6 hxg6 {½-½ (60) Shankland,S (2581)-Gareyev,T (2654) Las Vegas 2012}) 10... Qxh4 11. Bd2 dxc4 12. Bxc4 Qxh5 13. Be2 Qh4 14. O-O-O Nb6 15. Rhg1 N8d7 16. Ne4 Qe7 17. Kb1 g6 18. h4 Qxh4 19. Ng5 Qh2 20. e4 Qd6 ({Don't play} 20... Qxf2 $6 21. Bc1 $16) 21. Bc3 {[%cal Bd2c3,Bc3g7,Bg7d4][%mdl 32] Strongly threatening d5.} Rc8 {[#]} (21... Bg7 $11) 22. Qb3 $1 $16 {d5 is the strong threat.} Bg7 $2 {[%mdl 8192] [#]} (22... Be7 $16) 23. d5 $1 $18 {[%cal Rd5e6]} cxd5 {Threatens to win with ...Bxc3.} 24. Bxg7 Rg8 25. Bd4 h6 {[#]} 26. e5 $1 {[%mdl 512]} Qc7 $2 (26... Nxe5 27. Nxe6 (27. Qxb6 Qxb6 28. Bxb6 hxg5 $16) (27. Bxb6 hxg5 28. Rxg5 f6 $16) 27... fxe6) 27. Rc1 {White is clearly winning.} Nc4 {[#] ( -> ...Nd2+)} 28. Ne4 $1 {[%mdl 512]} Ndxe5 (28... dxe4 29. Bxc4) 29. Nf6+ Kf8 30. Qb4+ {Precision: White = 66%, Black = 50%.} 1-0

[Event "81st Tata Steel Challengers 2019"]
[Site "Wijk aan Zee"]
[Date "2019.01.22"]
[Round "9"]
[White "Chigaev, Maksim"]
[Black "Esipenko, Andrey"]
[Result "1/2-1/2"]
[WhiteElo "2604"]
[BlackElo "2584"]
[Annotator "TA"]
[PlyCount "73"]
[EventDate "2019.01.12"]
[EventType "tourn"]
[EventCountry "NED"]
[SourceTitle "playchess.com"]
[Source "ChessBase"]
[SourceQuality "1"]

{[%evp 19,73,6,24,6,9,17,25,25,27,25,17,21,17,26,26,23,91,74,72,75,85,82,90,18,23,17,67,17,15,19,22,11,51,50,50,50,50,50,50,52,55,55,54,54,53,58,57,41,51,47,38,28,34,22,61,0]} 1. e4 e5 2. Nf3 Nc6 3. Bc4 Bc5 4. O-O Nf6 5. d3 d6 6. c3 a6 7. a4 {C54: Giuoco Piano: 4 c3 Nf6, main lines with 5 d4 and 5 d3} Ba7 8. Re1 h6 9. Nbd2 {[%cal Bb1d2,Bd2f1,Bf1e3,Be3f5][%mdl 32]} O-O 10. h3 Re8 {LiveBook: 58 Games} 11. Qb3 Qe7 12. a5 Nd8 $146 ({Predecessor:} 12... Rb8 13. Nf1 Be6 14. Be3 Bxc4 15. Qxc4 Qd7 {1-0 (81) Fedoseev,V (2703)-Negi,P (2670) Khanty-Mansiysk 2017}) 13. Nf1 Be6 14. Be3 Bxc4 15. Qxc4 Bxe3 16. Nxe3 Ne6 17. d4 Ng5 (17... exd4 $11 {keeps the balance.} 18. cxd4 Nh5) 18. Nxg5 $16 hxg5 19. dxe5 dxe5 20. Nf5 Qd7 21. Qe2 (21. Red1 $16 Qe6 22. Qxe6 (22. Qxc7 Nxe4 23. Ne3 Rab8 $14) 22... fxe6 23. Ne3) 21... Rad8 $11 22. Rad1 Qe6 23. Qe3 Rxd1 24. Rxd1 g6 25. Ng3 Nh7 26. Qc5 Qe7 27. Qxe7 Rxe7 $14 {[%mdl 4096] Endgame KRN-KRN} 28. Rd8+ Kg7 29. Nf1 Nf8 30. Rb8 c6 $1 31. Ne3 f6 32. Nc4 Rd7 $1 33. g3 Ne6 34. f3 Nc5 35. b4 Ne6 36. Nb6 Rc7 37. Rc8 {Precision: White = 71%, Black = 55%.} (37. Kf2 $14) 1/2-1/2

[Event "81st Tata Steel Challengers 2019"]
[Site "Wijk aan Zee"]
[Date "2019.01.22"]
[Round "9"]
[White "Praggnanandhaa R"]
[Black "Korobov, Anton"]
[Result "1/2-1/2"]
[WhiteElo "2539"]
[BlackElo "2699"]
[Annotator "TA"]
[PlyCount "103"]
[EventDate "2019.01.12"]
[EventType "tourn"]
[EventCountry "NED"]
[SourceTitle "playchess.com"]
[Source "ChessBase"]
[SourceQuality "1"]

{[%evp 18,103,32,19,28,15,33,27,23,0,12,12,22,0,-7,-7,54,68,62,31,41,35,41,32,39,39,38,41,31,35,35,31,35,35,37,35,38,26,25,28,34,25,70,62,77,66,70,75,68,0,75,45,62,54,54,58,62,45,50,54,71,33,62,8,6,0,0,0,0,0,0,0,0,-79,0,0,0,0,0,0,0,0,0,0,0,0,0,0]} 1. e4 e5 2. Nf3 Nc6 3. Bc4 Bc5 4. c3 Nf6 5. d3 a5 6. O-O {C54: Giuoco Piano: 4 c3 Nf6, main lines with 5 d4 and 5 d3} d6 7. Nbd2 O-O 8. h3 Ba7 (8... h6 9. Re1 Be6 10. Bb5 Qb8 11. Nf1 Qa7 12. Be3 Bxe3 13. Nxe3 Ne7 14. Ba4 Ng6 15. Bc2 {½-½ (27) Dominguez Perez,L (2739)-Nakamura,H (2777) Saint Louis 2018}) 9. Re1 Ne7 10. Bb3 {LiveBook: 3 Games} Ng6 11. Nf1 Nh5 12. Bg5 Qe8 13. Nxe5 (13. d4 {is interesting.} Be6 14. Be3 Ngf4 15. Kh1 Bxb3 16. axb3 Bb6 17. Qc2) 13... Nxe5 14. d4 $1 Nf6 $146 15. Bxf6 gxf6 16. dxe5 Qxe5 ({Better is} 16... fxe5 $11 17. Qh5 Qe7) 17. Qf3 $14 Be6 18. Ne3 {[%cal Bf1e3,Be3g4,Bg4f6][%mdl 32]} a4 19. Bd5 Kh8 20. Rad1 Rg8 21. Bxe6 fxe6 22. Ng4 Qg5 23. Qxf6+ ({Don't blunder} 23. Nxf6 $2 Raf8 $19) 23... Qxf6 24. Nxf6 Raf8 25. e5 Bxf2+ $1 26. Kxf2 {[#] Black must now prevent Kg1.} dxe5 27. g4 Rxf6+ $11 {[%mdl 4096] Endgame KRR-KRR} 28. Kg3 Rgf8 29. Rxe5 R8f7 30. Rd8+ Kg7 31. Rg5+ Rg6 $1 {[%cal Rg6g5]} 32. Ra5 Rgf6 33. Rg5+ Rg6 $1 {[%cal Rg6g5]} 34. Kh4 (34. Rb5 {with more complications.} Rgf6 35. Rxb7 Rf3+ 36. Kh4 a3 37. c4) 34... Rxg5 35. Kxg5 $14 {KR-KR} h6+ 36. Kh5 Re7 37. Rd4 e5 38. Re4 b5 39. h4 c6 40. b3 (40. a3 $14) 40... a3 $1 $11 41. c4 Re8 42. g5 hxg5 43. hxg5 Rh8+ 44. Kg4 Rh2 45. Rxe5 {[#]} (45. cxb5 $1 $11 cxb5 46. Rxe5) 45... Rxa2 (45... b4 $1 $17 46. Re7+ Kf8) 46. cxb5 {The position is equal.} cxb5 47. Rxb5 Rg2+ 48. Kf5 Rf2+ 49. Ke4 a2 50. Ra5 Rb2 51. Kf5 Rf2+ 52. Ke4 {Precision: White = 45%, Black = 66%.} 1/2-1/2

[Event "81st Tata Steel Challengers 2019"]
[Site "Wijk aan Zee"]
[Date "2019.01.22"]
[Round "9"]
[White "Van Foreest, Lucas"]
[Black "Kuipers, Stefan"]
[Result "0-1"]
[WhiteElo "2502"]
[BlackElo "2470"]
[Annotator "TA"]
[PlyCount "126"]
[EventDate "2019.01.12"]
[EventType "tourn"]
[EventCountry "NED"]
[SourceTitle "playchess.com"]
[Source "ChessBase"]
[SourceQuality "1"]

{[%evp 19,126,16,27,20,21,16,21,25,39,4,37,-28,-19,-69,-75,-44,-18,-25,0,0,0,-94,-12,-14,-11,-22,0,-16,0,0,0,0,0,-66,-91,-113,-112,-256,-72,-190,-185,-149,-63,-60,14,24,14,16,18,-32,-32,-33,-24,-111,-133,-187,-181,-181,-164,-175,-174,-171,-170,-154,-145,-251,-243,-312,-303,-562,-562,-541,-537,-622,-625,-827,-814,-601,-952,-873,-634,-1252,-1164,-2300,-2167,-5427,-4276,-5531,-5726,-5601,-5804,-5806,-5726,-4088,-3454,-6015,-5750,-29971,-29967,-29979,-29980,-29986,-29987,-29987,-29988,-29991,-29992,-29992,-29993]} 1. e4 e6 2. d4 d5 3. Nc3 Nf6 4. e5 Nfd7 5. f4 c5 6. Nf3 Nc6 7. Be3 a6 8. Ne2 {C11: French: Classical System: 4 e5 and 4 Bg5 dxe4} Qb6 9. Qc1 Be7 10. c3 O-O {LiveBook: 3 Games} 11. g3 a5 (11... Qc7 12. h4 b5 13. Qc2 f5 14. Ng5 Nb6 15. dxc5 Nc4 {1-0 (39) Aronian,L (2765)-Jumabayev,R (2602) St Petersburg 2018}) 12. Bh3 a4 $146 ({Predecessor:} 12... cxd4 13. Nexd4 Nc5 14. O-O Bd7 15. Nxc6 bxc6 {½-½ (28) Potrata,J (2264)-Conde Poderoso,A (2345) ICCF email 2016}) 13. O-O Qa6 14. Qd1 cxd4 15. cxd4 (15. Nexd4 $14 Nc5 16. Qc2) 15... Nb6 $11 16. g4 Nc4 17. Bc1 Qb6 18. Rb1 $1 Na3 19. Ra1 Nc4 20. Kh1 (20. Rb1 $1 $11) 20... f6 (20... Nxb2 $17 21. Rb1 a3) 21. exf6 Bxf6 22. g5 Be7 $36 {[%mdl 2048] Black has good play.} 23. g6 h6 24. Ng5 Rf6 (24... hxg5 25. Ng3 $14) 25. Nh7 Rf5 {next ...Rh5 is good for Black.} 26. Bxf5 (26. Ng3 $1 $11) 26... exf5 $15 27. Rg1 Bd7 {[%mdl 1024] Black has strong compensation.} 28. Rg3 (28. Rg2 $17) 28... Nd8 $2 (28... Bh4 $19 29. Rh3 Bd8) 29. Ng1 {[#]} (29. Nc3 $17) 29... Qe6 $1 $19 30. Nf3 Be8 ({Black should try} 30... Qe4 $17 31. Kg1 Ne6) 31. Ne5 $15 Nxe5 (31... Nc6 $15) 32. fxe5 $11 {Qh5 is the strong threat.} f4 33. Bxf4 {Strongly threatening Qh5.} Qf5 34. Qg4 (34. Bxh6 $5 a3 35. b4 gxh6 36. Qf1 Qxf1+ 37. Rxf1 $16) 34... Qe4+ 35. Rg2 {And now Rf1 would win.} Ra6 {[%cal Ra6g6]} 36. Nf6+ (36. Bxh6 $1 $11 Qxg4 37. Rxg4 gxh6 38. Rf1 Rxg6 39. Nf6+ Kh8 40. Rg2) 36... gxf6 $17 37. Bxh6 (37. exf6 $17 Rxf6 38. Bxh6) 37... Qxg4 $19 38. Rxg4 f5 39. Rg3 Bxg6 40. Rag1 Kf7 41. Bf4 Rc6 42. h3 (42. R1g2 $17) 42... Bf8 43. Bg5 Ne6 44. Bh6 $2 (44. Be7) 44... Bxh6 45. Rxg6 {Hoping for Rf6+.} Nxd4 46. Rd6 Be3 47. Re1 Rxd6 48. exd6 {[#]} f4 $1 {[%cal Bf5f4,Bf4f3,Bf3f2][%mdl 32]} 49. h4 Nf5 50. d7 Ke7 51. Rd1 d4 52. h5 f3 53. Kh2 Kxd7 54. Kh3 Ke6 55. Kg4 f2 56. Kf3 Kf6 57. Rh1 Kg5 58. b3 a3 {Black mates.} 59. b4 b5 60. Kg2 Kg4 61. h6 Nxh6 62. Rh2 d3 63. Rh1 Nf5 {Accuracy: White = 37%, Black = 60%.} 0-1

[Event "81st Tata Steel Challengers 2019"]
[Site "Wijk aan Zee"]
[Date "2019.01.22"]
[Round "9"]
[White "Saduakassova, Dinara"]
[Black "Maghsoodloo, Parham"]
[Result "0-1"]
[WhiteElo "2472"]
[BlackElo "2679"]
[Annotator "TA"]
[PlyCount "88"]
[EventDate "2019.01.12"]
[EventType "tourn"]
[EventCountry "NED"]
[SourceTitle "playchess.com"]
[Source "ChessBase"]
[SourceQuality "1"]

{[%evp 15,88,35,37,27,27,13,7,-4,21,23,39,24,49,20,59,53,86,22,35,31,64,20,96,90,104,94,91,82,107,106,95,104,106,115,112,97,100,93,94,79,177,104,139,132,132,132,130,130,180,181,189,103,98,68,154,0,0,0,0,-131,-135,-436,-422,-29992,-29992,-29992,-6291,-29993,-29994,-29996,-29994,-29996,-29995,-29995,-29996]} 1. Nf3 c5 2. c4 Nf6 3. Nc3 d5 4. cxd5 Nxd5 5. e3 Nxc3 6. bxc3 g6 7. h4 {[%cal Bh2h4,Bh4h5][%mdl 32] A34: Symmetrical English: 2 Nc3, lines with ...d5} h6 (7... Bg7 8. h5 Nc6 9. Be2 b6 10. Kf1 Qd6 11. d4 O-O 12. Ba3 Bf5 13. Kg1 Rfd8 14. Qa4 Qf6 15. hxg6 hxg6 {0-1 (63) Aronian,L (2799)-Nepomniachtchi,I (2751) Saint Louis 2017}) 8. d4 Bg7 {LiveBook: 4 Games} 9. Be2 {White is slightly better.} O-O $146 ({Predecessor:} 9... Nd7 10. O-O O-O 11. Ba3 b6 12. Rb1 e5 13. dxc5 Nxc5 14. Bxc5 bxc5 {1-0 (74) Halkias,S (2544)-Tate,A (2347) Tromsoe 2014}) 10. h5 {Hoping for hxg6.} g5 $1 11. O-O Nc6 12. Rb1 Qc7 13. Ba3 b6 14. Qc2 $36 {[%mdl 2048] White is more active.} Rd8 15. dxc5 e5 16. e4 (16. Nd2 $16) 16... Be6 $11 17. Rfd1 Bf8 18. Rxd8 Rxd8 (18... Nxd8 $11 19. Qc1 bxc5) 19. cxb6 $16 axb6 20. Bxf8 Rxf8 21. Qb2 Rb8 22. Nd2 {[%cal Bf3d2,Bd2f1,Bf1g3][%mdl 32]} Na5 23. Nf1 Nc4 24. Qb4 Rc8 25. a4 Kg7 26. Ng3 Kf6 27. Rd1 Na5 (27... Qe7 $16) 28. Ba6 (28. Nf5 $1 $18) 28... Rd8 29. Rxd8 Qxd8 30. Nf1 Nc6 31. Qb1 g4 32. Ne3 Kg5 33. Bb5 ({White should play} 33. Bc4 $18) 33... Na5 34. Nf5 {Threatening mate with Qc1+.} Qd2 {[#]} (34... Kxh5 $14 35. Be2 Bxf5 36. exf5 Qd2) 35. Ng7 $2 (35. Qb4 $1 $16 {[%cal Rb4e7] Threatens to win with Qe7+.} Qd1+ 36. Bf1) 35... Bb3 $11 36. Qa1 Nb7 37. Bc6 {[#]} (37. a5 $11 Nxa5 38. Qa3 Qe1+ 39. Bf1) 37... Nc5 $1 $17 38. a5 $2 {[%mdl 8192]} (38. c4 $17 {is a better chance.} f6 39. Qf1) 38... Nd3 $19 39. axb6 (39. Qf1 $19 bxa5 40. Bb5) 39... Qxf2+ 40. Kh1 Qh4+ 41. Kg1 g3 {Black mates.} 42. b7 Qh2+ 43. Kf1 Qh1+ 44. Ke2 Nf4+ {Precision: White = 52%, Black = 57%.} 0-1

[Event "81st Tata Steel Challengers 2019"]
[Site "Wijk aan Zee"]
[Date "2019.01.23"]
[Round "10"]
[White "Korobov, Anton"]
[Black "L'Ami, Erwin"]
[Result "1/2-1/2"]
[WhiteElo "2699"]
[BlackElo "2643"]
[Annotator "TA"]
[PlyCount "135"]
[EventDate "2019.01.12"]
[EventType "tourn"]
[EventCountry "NED"]
[SourceTitle "playchess.com"]
[Source "ChessBase"]
[SourceQuality "1"]

{[%evp 13,135,-6,7,-12,-8,0,-9,-37,-17,-25,-21,-12,0,-15,0,-13,-8,-38,-38,-45,-38,-38,-38,-38,-38,-38,-38,-38,-38,-38,-38,-38,-38,-57,-57,-104,0,0,0,-11,0,-43,-43,-43,-43,-43,-43,-43,67,-50,-29,-50,-31,-22,0,-45,-8,-42,0,-485,-495,-485,-480,-620,-239,-232,-236,-209,-42,-478,-222,-224,-179,-203,0,0,0,0,0,0,0,-60,0,0,0,0,0,0,0,0,0,0,0,-54,-51,-52,-56,-29977,-29977,-29970,-29968,-29991,-4998,-2016,-1131,-966,0,0,-4,-12,0,0,0,0,0,0,0,0,0,0,0,0,0,0]} 1. d4 d5 2. Bf4 Nf6 3. Nd2 e6 4. e3 Bd6 5. Bg3 O-O 6. Bd3 b6 7. Ngf3 Ba6 {LiveBook: 10 Games. D02: 1 d4 d5 2 Nf3 sidelines, including 2...Nf6 3 g3 and 2...Nf6 3 Bf4} 8. c4 c5 9. dxc5 bxc5 $146 ({Predecessor:} 9... Bxc5 10. a3 Bd6 11. Rc1 dxc4 12. Nxc4 Bxc4 13. Bxd6 Bxd3 14. Bxf8 Qxf8 15. Qxd3 {1-0 (15) Karlik,V (2348)-Mueller,M (2124) Stare Mesto 2004}) 10. a3 h6 11. O-O Bxg3 12. hxg3 Nbd7 13. Qc2 Qe7 14. Rfe1 e5 15. e4 ({Reject} 15. cxd5 Bxd3 16. Qxd3 e4 $17) (15. Bf1 {is more complex.} e4 16. Nh2 Bb7 17. cxd5 Bxd5 18. Bc4) 15... d4 16. b4 Bb7 17. b5 a5 18. a4 g6 19. Nb3 Kg7 20. Qd2 Qd8 21. Nh4 Re8 22. Re2 Qc7 23. f3 Nh5 24. Kf2 {[#]} Ndf6 ({Better is} 24... f5 $1 $17 {[%mdl 512]}) 25. Rh1 $11 Rh8 26. Ree1 Bc8 27. g4 Nf4 28. Bf1 Ne6 29. g3 Ng5 30. Bd3 Nd7 (30... Bb7 $15) 31. Nc1 (31. f4 $14 exf4 32. gxf4) 31... Nb6 {[%cal Bd7b6,Bb6a4,Ba4c3][%mdl 32]} 32. f4 Ne6 {[%cal Re5f4]} 33. Ne2 Nxa4 34. f5 $1 {[%cal Rf5e6]} Ng5 35. Nf4 $1 Nc3 (35... Bb7 {looks sharper.} 36. Nd5 Bxd5 37. exd5 Nc3 38. fxg6 fxg6 39. Bxg6 Raf8+) 36. Nfxg6 $2 {[%mdl 8192]} (36. Nd5 $11 Qd6 37. Bc2 Nxd5 38. exd5) 36... fxg6 $19 37. Nxg6 Bb7 38. Rxh6 Rxh6 $2 ({Not} 38... Kxh6 39. Rh1+ Kg7 40. Qxg5 $11) (38... Ngxe4+ 39. Rxe4 Rxh6 40. f6+ Kh7 41. Rxe5 Be4) 39. Qxg5 Kh7 {Strongly threatening ...Qg7.} 40. Qf6 Qg7 41. Qd6 $2 {[%mdl 8192]} (41. Qe6 $1 $15) 41... Rg8 (41... Re8 $142 42. Kg2 Kg8) 42. Kg2 {Threatens to win with g5.} Qf7 43. Qxc5 Rgxg6 $2 (43... Re8 $1 $19 {...Kg8 is the strong threat.} 44. Nxe5 Qg7) 44. fxg6+ $11 Qxg6 {And now ...Qg7 would win.} 45. Qxe5 {Hoping for g5.} Qxg4 46. c5 Qh3+ 47. Kf2 (47. Kf3 $1 $11 Rg6 48. c6) 47... Rg6 ({Much weaker is} 47... Qh2+ $6 48. Kf3 $11) (47... Re6 $1 $15 48. Qf5+ Qxf5+ 49. exf5 Rxe1 50. Kxe1 Bd5) 48. c6 Bc8 49. Qe7+ Kg8 50. Bc4+ Be6 51. Bxe6+ Rxe6 52. Qd8+ Kh7 53. e5 ({White should play} 53. Qd7+ $1 $11 Kg6 54. e5) 53... Qh2+ $15 54. Kf3 Rg6 {[%csl Gg6][%cal Rh2g3]} 55. Qd7+ $2 {[%mdl 8192]} (55. Qh4+ $15 Qxh4 56. gxh4 Nxb5 57. e6) 55... Kh6 {[%csl Gg6][%cal Rh2g3]} 56. g4 Qh3+ $1 57. Kf4 Nd5+ (57... Qg2 $142 58. Rh1+ Qxh1 59. g5+ Rxg5 60. Qe6+ Rg6 61. Qxg6+ Kxg6 62. e6 Qh2+ 63. Kf3 Kf5 64. e7 Ne2 65. e8=Q Ng1#) 58. Ke4 $19 {[#]} Qg2+ $1 59. Kxd4 {[#]} Qd2+ $2 ({Black should try} 59... Nb6 $1 $19 60. g5+ Rxg5 61. Qe6+ Rg6 62. Qxg6+ Kxg6) 60. Kc5 $11 {The position is equal.} Qxe1 61. Qxd5 a4 62. g5+ Rxg5 63. c7 Rxe5 {( -> ...Qc3+)} 64. c8=Q {White threatens Qh8+ and mate.} Rxd5+ 65. Kxd5 {Black must now prevent Qa6+.} Qd2+ 66. Kc6 Qc3+ 67. Kb7 Qxc8+ 68. Kxc8 {Precision: White = 55%, Black = 52%.} 1/2-1/2

[Event "81st Tata Steel Challengers 2019"]
[Site "Wijk aan Zee"]
[Date "2019.01.23"]
[Round "10"]
[White "Maghsoodloo, Parham"]
[Black "Bareev, Evgeny"]
[Result "1-0"]
[WhiteElo "2679"]
[BlackElo "2650"]
[Annotator "TA"]
[PlyCount "61"]
[EventDate "2019.01.12"]
[EventType "tourn"]
[EventCountry "NED"]
[SourceTitle "playchess.com"]
[Source "ChessBase"]
[SourceQuality "1"]

{[%evp 17,61,-18,0,0,0,0,8,0,0,0,0,0,0,0,0,0,0,0,152,59,60,69,72,33,37,29,70,77,272,281,281,274,278,286,285,244,400,338,325,241,243,258,250,258,858,858]} 1. e4 c6 2. d4 d5 3. e5 Bf5 4. Nc3 e6 5. g4 Bg6 6. Nge2 c5 7. h4 h5 8. Nf4 Bh7 9. g5 {B12: Caro-Kann: Advance Variation} Nc6 {LiveBook: 4 Games} (9... Bf5 10. Nxh5 cxd4 11. Nb5 d3 12. c3 Nc6 13. Ng3 Be4 14. Nxe4 dxe4 15. Qa4 Qd7 16. Qxe4 O-O-O {½-½ (38) Idani,P (2569)-Lupulescu,C (2637) Abu Dhabi 2017}) 10. Qxh5 {Black must now prevent Nxe6.} Nxd4 11. Nxe6 {The position is equal.} Nxe6 12. Bb5+ Ke7 {[#]} 13. g6 $1 {[%mdl 512]} Bxg6 (13... fxg6 14. Qf3) 14. Qxh8 d4 15. Bg5+ (15. Qxg8 dxc3 16. b3 (16. bxc3 $2 Qa5 $19) 16... Qd5 $19) 15... Nxg5 16. hxg5 $146 ({Predecessor:} 16. O-O-O Nh6 17. hxg5 Ng4 18. Qh4 Bf5 19. Rhg1 a6 20. g6+ {1-0 (20) Albesa,A (1813)-Drus,M (1449) LSS email 2012}) 16... dxc3 17. Rd1 $1 {[%cal Rd1d8]} Qc7 $2 (17... Qa5 $11 18. Rd7+ Ke6 19. Rxb7 cxb2+ 20. Ke2 Qc3 21. Bd7+ Ke7 22. Bf5+ Ke8 23. Qxg8 Qc4+ 24. Bd3 Bxd3+ 25. cxd3 Qc2+ 26. Ke3 Qc1+ 27. Ke2 Qc2+ 28. Ke3 Qc1+ 29. Ke2 Qc2+) 18. Rd7+ ({Don't go for} 18. Qxg8 $2 Qxe5+ 19. Kf1 cxb2 $19) ({White should play} 18. bxc3 $16 {Strongly threatening Rd7+.} Qxe5+ 19. Kf1 Qxg5 20. Qh2 (20. Qxg8 Kf6 $11)) 18... Qxd7 $1 $14 19. Bxd7 cxb2 {[#]} 20. O-O $1 Kxd7 21. Qxg8 {And now Rb1 would win.} c4 $1 22. Qh8 {Qh4 is the strong threat.} Kc7 $2 (22... Bxc2 $16 23. Qh3+ Kc6) 23. Qh4 $18 Rc8 {Black wants to play ...Kb8.} 24. Qd4 ({Weaker is} 24. Qxc4+ Kb8 $16) 24... Bxc2 25. Qxb2 Bf5 26. g6 fxg6 $2 {[#]} (26... Bxg6 27. Rc1 Bd3) 27. e6 $1 {[%mdl 512]} Re8 (27... Bxe6 28. Qe5+) 28. Qb5 Rxe6 29. Qxc4+ Kb8 30. Rd1 {[%cal Rd1d8]} Re8 $2 (30... Bd6 31. Qh4 Rf6 32. Qh8+ Rf8 33. Qxg7 Rd8) 31. Qf4+ {Precision: White = 71%, Black = 49%.} 1-0

[Event "81st Tata Steel Challengers 2019"]
[Site "Wijk aan Zee"]
[Date "2019.01.23"]
[Round "10"]
[White "Esipenko, Andrey"]
[Black "Van Foreest, Lucas"]
[Result "1-0"]
[WhiteElo "2584"]
[BlackElo "2502"]
[Annotator "ChessBase"]
[PlyCount "81"]
[EventDate "2019.01.12"]
[EventType "tourn"]
[EventCountry "NED"]
[SourceTitle "playchess.com"]
[Source "ChessBase"]
[SourceQuality "1"]
[TimeControl "40/6000+30:20/3000+30:900+30"]

1. d4 {[%emt 0:00:00]} Nf6 {[%emt 0:00:00]} 2. Nf3 {[%emt 0:00:00]} d5 {[%emt 0:00:00]} 3. c4 {[%emt 0:00:00]} e6 {[%emt 0:00:00]} 4. Nc3 {[%emt 0:00:00]} dxc4 {[%emt 0:00:15]} 5. e4 {[%emt 0:00:03]} Bb4 {[%emt 0:00:12]} 6. Bxc4 {[%emt 0:00:09]} Nxe4 {[%emt 0:00:06]} 7. O-O {[%emt 0:00:07]} Nxc3 {[%emt 0:00:03]} 8. bxc3 {[%emt 0:00:06]} Bd6 {[%emt 0:00:03]} 9. Ng5 {[%emt 0:00:40]} h6 {[%emt 0:00:58]} 10. Ne4 {[%emt 0:00:23]} O-O {[%emt 0:00:25]} 11. Qf3 {[%emt 0:00:14]} Be7 {[%emt 0:04:18]} 12. Re1 {[%emt 0:00:13]} Nd7 {[%emt 0:00:08]} 13. Rb1 {[%emt 0:00:28]} c5 {[%emt 0:03:10]} 14. Bd3 {[%emt 0:45:51]} cxd4 {[%emt 0:04:41]} 15. cxd4 {[%emt 0:00:14]} Re8 {[%emt 0:00:57]} 16. Bf4 {[%emt 0:04:10]} Nf8 {[%emt 0:17:54]} 17. Ng3 {[%emt 0:07:41]} Bd6 {[%emt 0:13:12]} 18. Be5 {[%emt 0:06:49]} Bxe5 {[%emt 0:06:17]} 19. dxe5 {[%emt 0:00:19]} Bd7 {[%emt 0:06:13]} 20. Rxb7 {[%emt 0:11:01]} Qa5 {[%emt 0:00:24]} 21. Re3 {[%emt 0:05:05]} Rab8 {[%emt 0:07:50]} 22. Rxb8 {[%emt 0:02:55]} Rxb8 {[%emt 0:00:11]} 23. h4 {[%emt 0:00:49]} Qxa2 {[%emt 0:03:29]} 24. Nh5 {[%emt 0:01:56]} Rb4 {[%emt 0:09:35]} 25. Qg3 {[%emt 0:03:35]} g6 {[%emt 0:06:08]} 26. Nf6+ {[%emt 0:00:21]} Kg7 {[%emt 0:01:04]} 27. Be4 {[%emt 0:01:56]} Rb5 {[%emt 0:07:49]} 28. Kh2 {[%emt 0:06:56]} Qa1 {[%emt 0:05:52]} 29. Rc3 {[%emt 0:01:05]} Qa5 {[%emt 0:00:56]} 30. f4 {[%emt 0:03:06]} Rc5 {[%emt 0:00:25]} 31. Ra3 {[%emt 0:00:09]} Qb6 {[%emt 0:00:03]} 32. Rb3 {[%emt 0:03:18]} Bb5 {[%emt 0:02:10]} 33. Rb1 {[%emt 0:00:23]} a6 {[%emt 0:02:35]} 34. h5 {[%emt 0:00:19]} Qd8 {[%emt 0:00:23]} 35. hxg6 {[%emt 0:01:15]} fxg6 {[%emt 0:01:14]} 36. Qa3 {[%emt 0:03:48]} Rc7 {[%emt 0:02:14]} 37. Qa5 {[%emt 0:00:04]} Rd7 {[%emt 0:01:10]} 38. Qe1 {[%emt 0:00:33]} Rd4 {[%emt 0:02:19]} 39. Qh4 {[%emt 0:01:37]} Rd1 {[%emt 0:01:59]} 40. Rxd1 {[%emt 0:00:00]} Qxd1 {[%emt 0:00:00]} 41. Ng4 {[%emt 0:01:19]} 1-0